| 000 | 00769nam a2200217 a 4500 | ||
|---|---|---|---|
| 005 | 20210223124328.0 | ||
| 008 | 010903s1971 es r 000 0 spa d | ||
| 035 | _aUPN01000110897 | ||
| 049 | _aCG | ||
| 050 | 4 |
_aPQ4135 _bB3.7 |
|
| 100 | 1 |
_aBaratto, Mario, _d1920-1984 _931884 |
|
| 245 | 1 | 0 |
_aTeatro y luchas sociales : _bRuzante, Aretino, Goldini / _cMario Baratto ; pref. y tr. Jaume Fuster. |
| 260 |
_aBarcelona, Esp. : _bPenÃnsula, _c1971. |
||
| 300 | _a325 p. | ||
| 534 |
_pTraducción de: _tThe saggi sul teatro (Ruzante, Aretino, Goldoni) |
||
| 650 | 4 |
_aTEATRO - _zITALIA - _xHISTORIA _99551 |
|
| 600 | 1 | 4 |
_aARETINO, PIETRO, _d1492-1556 _99537 |
| 600 | 1 | 4 |
_aRUZZANTE, ANGELO BEOLO, _d1502-1542 _99536 |
| 600 | 1 | 4 |
_aGOLDINI, CARLO, _d1707-1793 _99554 |
| 905 | _aLibro | ||
| 999 |
_c84806 _d84806 |
||